In Other Words - Statistics

General Stats
  • This quiz has been taken 49 times
  • The average score is 13 of 24
Answer Stats
Hint Answer % Correct
Cereal Sauce Milk
88%
The Loo Toilet
88%
Tree Skin Bark
81%
Raw Toast Bread
76%
Car Juice Gas
76%
Soup Scoop Spoon
76%
Foot Wrist Ankle
74%
Earth Fur Grass
74%
Beach Pigeon Sea Gull
74%
Snot Catcher Tissue
74%
Sugar Bagels Donuts
71%
Snowman Blood Water
62%
Over The Moon Happy
57%
Grape Jerky Raisins
57%
Girrafe Bird Ostrich
50%
Bird Leaf Feather
45%
Pointy Teeth Canines
43%
Water Rocks Ice
43%
Acoustic Motorcycle Bike
33%
Nanners Bananas
31%
Chuck Charles
21%
Space Heater The Sun
21%
Crumb Snatcher Kids
5%
Vampirettes Mosquitoes
2%
No matching quizzes found
Score Distribution
Percent of People with Each Score
Percentile by Number Answered
Your Score History
You have not taken this quiz